000 00416nam a2200121Ia 4500
005 20251206144425.0
008 251206s9999 xx 000 0 und d
082 _a938
_bRAM
100 _aBury, J. B.
245 0 _aகிரேக்க நாட்டு வரலாறு-III
260 _aசென்னை :
_bதமிழ்நாட்டுப் பாடநூல் நிறுவனம்
942 _cREF
999 _c601161
_d601161